Gentes del saber en la Europa de finales de la edad media
Gardado en:
| Autor Principal: | |
|---|---|
| Formato: | Libro |
| Idioma: | Lingua castelá |
| Publicado: |
Madrid, España.
Complutense,
1999
|
| Series: | Colección La Mirada de la Historia
|
| Subjects: | |
| Tags: |
Engadir etiqueta
Sen Etiquetas, Sexa o primeiro en etiquetar este rexistro!
|
MARC
| LEADER | 00000nam a2200000 a 4500 | ||
|---|---|---|---|
| 001 | UCI3170 | ||
| 003 | CL-VaPUC | ||
| 005 | 20211028175539.0 | ||
| 008 | 071012e19990300SP |||||||||||||||||spa|d | ||
| 999 | |c 327542 |d 327540 | ||
| 020 | |a 8489784698 | ||
| 040 | |c Pontificia Universidad Católica de Valparaíso | ||
| 082 | 0 | 4 | |a 940 VER 1999 |2 21 |
| 100 | 0 | |a Verger, Jacques |e author |9 524591 | |
| 245 | 1 | 0 | |a Gentes del saber en la Europa de finales de la edad media |
| 260 | |a Madrid, España. |b Complutense, |c 1999 | ||
| 300 | |a 259 páginas | ||
| 490 | 0 | |a Colección La Mirada de la Historia | |
| 583 | |a last modification |c 20071012 00:00:00 |k Rodrigo Vera | ||
| 650 | 0 | |a Historia de Europa |9 392003 | |
| 650 | 0 | |a Historia contemporánea |z EUROPA |9 343224 | |
| 650 | 7 | |a SISTEMAS POLITICOS |2 CL-VaPUC |9 524592 |z EUROPA | |
| 650 | 7 | |a UNION EUROPEA |2 CL-VaPUC |9 524593 | |
| 650 | 7 | |a NACIONALISMO |2 CL-VaPUC |9 524594 |z EUROPA | |
| 942 | |c BK |2 ddc | ||
| 945 | |d 20071012 00:00:00 |a jtorresc | ||
| 952 | |0 0 |1 0 |2 ddc |4 0 |6 940_000000000000000_VER_1999 |7 0 |8 A |9 410510 |a BIBHIS |b BIBHIS |d 2019-11-22 |i 4377346 |o 940 VER 1999 |p 4377346 |r 2025-01-20 |t 1 |w 2019-11-22 |y BK |k HIS | ||